1007 1921 1594 1882 1735 1475 1380 1327 1982 1335 1353 1027 1136 1351 1832 1791 1750 1751 1310 1108 1902 1234 1287 1480 1278 1979 1915 1066 1056 1176 1966 1728 1679 1059 1110 1034 1752 1294 1830 1306 1589 1740 1290 1553 1223 1234 1698 1905 1440 1365 1132 1563 1667 1923 1631 1605 1513 1723 1149 1150 1005 1562 1347 1079 1431 1338 1843 1448 1760 1006 1599 1610 1956 1916 1608 1478 1451 1316 1506 1585 1840 1500 1826 1192 1318 1976 1811 1028 1918 1871 1010 1138 1389 1258 1851 1832 1767 1372 1279 BCNSPRNW ULIB Ver.6.0+V

เปลี่ยนเป็นภาษาไทย

Change to English
 แสดงรายละเอียดบรรณานุกรม
  กลับหน้าหลัก

Brief Record : Get Marc (ISO 2709) : E-mail record : QR code < ปิดหน้าต่าง
LEADER : 00000nam 2200000uu 4500
001    13399109841
003     ULIB
008    110412s2549||||th 000 0 tha d
020    9749495039
060 04 WC515^bข959 2549
245 00 ไข้หวัดใหญ่/ไข้หวัดนก /^cบรรณาธิการ, ภาวพันธ์ ภัทรโกศล,ประเสริฐ เอื้อวรากุล
250    พิมพ์ครั้งที่ 1
260    กรุงเทพฯ :^bสมาคมไวรัสวิทยา,^c2549
300    339 หน้า :^bภาพประกอบ ;^c26 ซม.
650  7 ไข้หวัดใหญ่
650  7 ไข้หวัดนก
650  7 ระบาดวิทยา
650  7 โรคเกิดจากไวรัส
653    ผลงานอาจารย์คณะแพทยศาสตร์ศิริราชพยาบาล
700 0  ประเสริฐ เอื้อวรากุล,^eบรรณาธิการ
700 0  ภาวพันธ์ ภัทรโกศล,^eบรรณาธิการ
945    ^p300^l0^i019769
945    ^p300^l0^i019770
995    ทศพร
999 ^a ใช้งานได้ทุกระบบ
รายการนี้ยังไม่มีแท็ก
คุณยังไม่ได้ล็อกอิน คุณสามารถมีกิจกรรมร่วมกับเว็บไซต์ได้ แต่ต้องล็อกอินก่อน ::
  ล็อกอิน

รายการสื่อสารสนเทศ

ลำดับที่ ประเภท เลขเรียก/บาร์โค้ด สถานที่ สถานะ
- ไม่พบข้อมูล -

รายการใกล้เคียง
    หัวเรื่อง [ไข้หวัดใหญ่]
    หัวเรื่อง [ไข้หวัดนก]
    หัวเรื่อง [ระบาดวิทยา]
    หัวเรื่อง [โรคเกิดจากไวรัส]

BibComment


ยังไม่เคยถูกคอมเมนท์

คอมเมนท์ทรัพยากรรายการนี้
  คอมเมนท์: ไข้หวัดใหญ่ไข้หวั..


 Copyright 2026. Bcnsprnw @Library